A C-vitamin világsikeréről
Az Erdélyi Múzeum 1935-ös számából újraközlés.[Megjegyezzük Szent-Györgyi Albert 1937-ben nyerte el a Nobel-díjat.]
Elmentve itt :
| Dokumentumtípus: | Cikk |
|---|---|
| Megjelent: |
Lapkiadó Vállalat
Budapest
1985-09
|
| Sorozat: | Tudomány - a Scienfitic American magyar kiadása
1 No. 1 |
| Online Access: | http://misc.bibl.u-szeged.hu/74249 |
| LEADER | 00746nab a2200181 i 4500 | ||
|---|---|---|---|
| 001 | misc74249 | ||
| 005 | 20231108115559.0 | ||
| 008 | 231108s1985 hu o 000 hun d | ||
| 022 | |a 0237-322X | ||
| 040 | |a SZTE Miscellanea Repozitórium |b hun | ||
| 041 | |a hun | ||
| 245 | 0 | 2 | |a A C-vitamin világsikeréről |h [elektronikus dokumentum] |
| 260 | |a Lapkiadó Vállalat |b Budapest |c 1985-09 | ||
| 300 | |a 8 | ||
| 490 | 0 | |a Tudomány - a Scienfitic American magyar kiadása |v 1 No. 1 | |
| 520 | 3 | |a Az Erdélyi Múzeum 1935-ös számából újraközlés.[Megjegyezzük Szent-Györgyi Albert 1937-ben nyerte el a Nobel-díjat.] | |
| 561 | |a Szent-Györgyi Albertről szóló irodalom | ||
| 856 | 4 | 0 | |u http://misc.bibl.u-szeged.hu/74249/1/szgya_1985_018.pdf |z Dokumentum-elérés |